000 00576nam a2200193Ia 4500
003 GCL
008 140319s9999 xx 000 0 ara d
040 _aGCL /
_cGCL
082 0 4 _aق
_b932
_bن ق
100 1 _aنديم السيار
245 1 0 _aقدماء المصريين اول الموحدين /
_cنديم السيار
300 _a208 ص
490 _aالهيئة العامة للاستعلامات
_v0
650 0 4 _aمصر القديمة
650 0 4 _aالتوحيد
650 0 4 _aالفراعنة
650 0 4 _aقدماء المصريين
942 _2ddc
_cBK
999 _c48707
_d48707